Second language syntax : (Record no. 9540)
[ view plain ]
| 000 -LEADER | |
|---|---|
| fixed length control field | 00811cam a2200241 a 4500 |
| 001 - CONTROL NUMBER | |
| control field | 12082322 |
| 005 - DATE AND TIME OF LATEST TRANSACTION | |
| control field | 20260422172253.0 |
| 008 - FIXED-LENGTH DATA ELEMENTS--GENERAL INFORMATION | |
| fixed length control field | 000627s2001 enka b 001 0 eng |
| 020 ## - INTERNATIONAL STANDARD BOOK NUMBER | |
| International Standard Book Number | 0631191836 |
| Qualifying information | alk. paper |
| 020 ## - INTERNATIONAL STANDARD BOOK NUMBER | |
| International Standard Book Number | 0631191844 |
| Qualifying information | pbk. : alk. paper |
| 020 ## - INTERNATIONAL STANDARD BOOK NUMBER | |
| International Standard Book Number | 9780631191834 |
| Qualifying information | (alk. paper) |
| 020 ## - INTERNATIONAL STANDARD BOOK NUMBER | |
| International Standard Book Number | 9780631191841 |
| Qualifying information | (pbk. : alk. paper) |
| 050 00 - LIBRARY OF CONGRESS CALL NUMBER | |
| Classification number | P118.2 |
| Item number | .H366 2001 |
| 082 00 - DEWEY DECIMAL CLASSIFICATION NUMBER | |
| Classification number | 418 |
| Edition information | 22 |
| 100 1# - MAIN ENTRY--PERSONAL NAME | |
| Personal name | Hawkins, Roger |
| Fuller form of name | (Roger D.) |
| 245 10 - TITLE STATEMENT | |
| Title | Second language syntax : |
| Remainder of title | a generative introduction / |
| Statement of responsibility, etc. | Roger Hawkins. |
| 260 ## - PUBLICATION, DISTRIBUTION, ETC. | |
| Place of publication, distribution, etc. | Oxford ; |
| -- | Malden, Mass. : |
| Name of publisher, distributor, etc. | Blackwell Publishers, |
| Date of publication, distribution, etc. | 2001. |
| 300 ## - PHYSICAL DESCRIPTION | |
| Extent | xviii, 386 p. : |
| Other physical details | ill. ; |
| Dimensions | 26 cm. |
| 650 #0 - SUBJECT ADDED ENTRY--TOPICAL TERM | |
| Topical term or geographic name entry element | Second language acquisition. |
| 650 #0 - SUBJECT ADDED ENTRY--TOPICAL TERM | |
| Topical term or geographic name entry element | Grammar, Comparative and general |
| General subdivision | Syntax. |
| 650 #0 - SUBJECT ADDED ENTRY--TOPICAL TERM | |
| Topical term or geographic name entry element | Generative grammar. |
| 942 ## - ADDED ENTRY ELEMENTS (KOHA) | |
| Source of classification or shelving scheme | Library of Congress Classification |
| Koha item type | Books |
| Suppress in OPAC | No |
| 999 ## - | |
| -- | 9540 |
| -- | 9540 |
| Withdrawn status | Lost status | Source of classification or shelving scheme | Damaged status | Not for loan | Collection | Home library | Current library | Shelving location | Date acquired | Total checkouts | Full call number | Barcode | Date last seen | Copy number | Price effective from | Koha item type |
|---|---|---|---|---|---|---|---|---|---|---|---|---|---|---|---|---|
| Library of Congress Classification | Non-fiction | Business Library (Miotso) | Business Library (Miotso) | General stacks | 04/22/2026 | P118.2 .H366 2001 | BSSM00003612 | 04/22/2026 | 1 | 04/22/2026 | Books | |||||
| Library of Congress Classification | Non-fiction | Business Library (Miotso) | Business Library (Miotso) | General stacks | 04/22/2026 | P118.2 .H366 2001 | BSSM00003613 | 04/22/2026 | 2 | 04/22/2026 | Books | |||||
| Library of Congress Classification | Non-fiction | Business Library (Miotso) | Business Library (Miotso) | General stacks | 04/22/2026 | P118.2 .H366 2001 | BSSM00003614 | 04/22/2026 | 3 | 04/22/2026 | Books | |||||
| Library of Congress Classification | Non-fiction | Business Library (Miotso) | Business Library (Miotso) | General stacks | 04/22/2026 | P118.2 .H366 2001 | BSSM00003615 | 04/22/2026 | 4 | 04/22/2026 | Books | |||||
| Library of Congress Classification | Non-fiction | Business Library (Miotso) | Business Library (Miotso) | General stacks | 04/22/2026 | P118.2 .H366 2001 | BSSM00003616 | 04/22/2026 | 5 | 04/22/2026 | Books | |||||
| Library of Congress Classification | Non-fiction | Business Library (Miotso) | Business Library (Miotso) | General stacks | 04/22/2026 | P118.2 .H366 2001 | BSSM00003617 | 04/22/2026 | 6 | 04/22/2026 | Books |